Pirate Pack - Statistics

General Stats
  • This quiz has been taken 1 time
  • The average score is 10 of 10
Answer Stats
Picture Hint Answer % Correct
Uncommon - 16% Buccaneer
100%
Legendary - 0.3% Captain Blackbeard
100%
Uncommon - 16% Deckhand
100%
Rare - 8% Jolly Pirate
100%
Epic - 3.67% Kraken
100%
Chroma - 0.03% Pirate Pufferfish
100%
Rare - 8% Pirate Ship
100%
Uncommon - 16% Seagull
100%
Uncommon - 16% Swashbuckler
100%
Uncommon - 16% Treasure Map
100%
No matching quizzes found
Score Distribution
Percent of People with Each Score
Percentile by Number Answered
Your Score History
You have not taken this quiz